| Tag |
First Indicator |
Second Indicator |
Subfields |
| LEADER |
00000cgm a2200000Ia 4500 |
| 001 |
in00003744713 |
| 006 |
m||||||||c|||||||| |
| 007 |
cr |n|---||a|a |
| 007 |
vz |zazu| |
| 008 |
091105m20092004xxu058 s |vleng d |
| 005 |
20260324201619.9 |
| 035 |
|
|
|a (OCoLC)630575158
|
| 035 |
|
|
|a ASP536290/ctiv
|
| 040 |
|
|
|a VaAlASP
|c VaAlASP
|d UtOrBLW
|
| 050 |
|
4 |
|a HT1521
|b .M538 2009
|
| 245 |
0 |
0 |
|a Mi cuento (My story) :
|b life review interview with Luis Vazquez /
|c Microtraining Associates.
|
| 246 |
3 |
0 |
|a My story, life review interview with Luis Vazquez
|
| 264 |
|
1 |
|a [Place of publication not identified] :
|b Alexander Street Press,
|c [2009]
|
| 264 |
|
4 |
|c ©2009
|
| 300 |
|
|
|a 1 online resource (58 min.)
|
| 336 |
|
|
|a two-dimensional moving image
|b tdi
|2 rdacontent
|
| 337 |
|
|
|a computer
|b c
|2 rdamedia
|
| 337 |
|
|
|a video
|b v
|2 rdamedia
|
| 338 |
|
|
|a online resource
|b cr
|2 rdacarrier
|
| 338 |
|
|
|a other
|b vz
|2 rdacarrier
|
| 490 |
0 |
|
|a Counseling and therapy in video, volume 1
|
| 500 |
|
|
|a Accompanied by transcript of program, clips and abstract.
|
| 500 |
|
|
|a Originally produced in 2004.
|
| 500 |
|
|
|a Previously published as DVD.
|
| 500 |
|
|
|a Title from title frames.
|
| 520 |
|
|
|a From a diagnosis of mental retardation in innercity Chicago to a Ph.D., Department Chair, and national influence, this is the story of Luis Vázquez. Students will hear stories of oppression and racism as they still frequently occur in school systems. Luis breaking out of poverty provides an important lesson for us all.
|
| 500 |
|
|
|a Slide.
|
| 600 |
1 |
0 |
|a Vázquez, Luis A.
|v Interviews.
|
| 650 |
|
0 |
|a Racism.
|0 http://id.loc.gov/authorities/subjects/sh85110266
|
| 650 |
|
0 |
|a Schools.
|0 http://id.loc.gov/authorities/subjects/sh85118451
|
| 655 |
|
7 |
|a Internet videos.
|2 lcgft
|0 http://id.loc.gov/authorities/genreForms/gf2011026337
|
| 700 |
1 |
|
|a Ivey, Allen E.,
|e interviewer.
|0 http://id.loc.gov/authorities/names/n79123634
|
| 700 |
1 |
|
|a Vázquez, Luis A.,
|e interviewee.
|0 http://id.loc.gov/authorities/names/no2008109428
|
| 710 |
2 |
|
|a Alexander Street Press.
|0 http://id.loc.gov/authorities/names/no2002055633
|
| 710 |
2 |
|
|a Microtraining Associates.
|0 http://id.loc.gov/authorities/names/n98800109
|
| 856 |
4 |
0 |
|u http://proxy.library.tamu.edu/login?url=https://www.aspresolver.com/aspresolver.asp?CTIV;536290
|z Connect to this streaming video (Alexander Street Press)
|t 0
|
| 999 |
f |
f |
|s fe8a3ed9-e51e-3ea9-b818-500793e8d3f7
|i 086cbe97-5c98-37dd-adff-8d59fff0ee42
|t 0
|
| 952 |
f |
f |
|a Texas A&M University
|b College Station
|c Electronic Resources
|s www_evans
|d Available Online
|t 0
|e HT1521 .M538 2009
|h Library of Congress classification
|
| 998 |
f |
f |
|a HT1521 .M538 2009
|t 0
|l Available Online
|